| 000 | 01562nam a22004097a 4500 | ||
|---|---|---|---|
| 999 |
_c13275 _d13275 |
||
| 001 | 23966 | ||
| 003 | MIRAKIL | ||
| 005 | 20190529170024.0 | ||
| 008 | 190529b tu ||||| |||| 00| 0 tur d | ||
| 035 | _a17719 | ||
| 040 |
_aMilas _btur _cTR-AnCHP |
||
| 041 | _atur | ||
| 082 |
_aCHP 324.2372 _bC36o 2018 |
||
| 090 | _aBroşür 533 | ||
| 111 |
_aCHP Olağan Kurultay _cAnkara _d03-04 Şubat 2018 _n36. |
||
| 222 | _a36. Olağan Kurultay Parti Meclisi çalışma raporu | ||
| 245 |
_aCumhuriyet Halk Partisi 36. Olağan Kurultayı _bParti Meclisi çalışma raporu _bAdalet ve cesaret kurultayı _cCumhuriyet Halk Partisi |
||
| 246 | _a36. Olağan Kurultay Parti Meclisi çalışma raporu | ||
| 246 | _aCHP 36. Olağan Kurultayı | ||
| 246 | _a36. Olağan Kurultay | ||
| 246 | _aAdalet ve cesaret kurultayı | ||
| 246 | _aParti Meclisi çalışma raporu | ||
| 260 |
_aAnkara _bCHP _c2018 |
||
| 300 |
_a460 s. _bgrf. , tbl. , fotg. _c30 sm. |
||
| 490 | _aCumhuriyet Halk Partisi yayınları | ||
| 610 |
_aCumhuriyet Halk Partisi (CHP) _xÇalışma raporları |
||
| 610 |
_aCumhuriyet Halk Partisi (CHP) _xOlağan kurultaylar, 2018 |
||
| 651 |
_aTürkiye _xSiyaset ve yönetim _y2016-2018 |
||
| 740 | _aAdalet ve cesaret kurultayı | ||
| 740 | _a36. Olağan Kurultay Parti Meclisi çalışma raporu | ||
| 740 | _a36. Olağan Kurultay | ||
| 740 | _aCHP 36. Olağan Kurultayı | ||
| 830 | _aCHP yayınları | ||
| 856 | _zDijital Nüshası için Partimizin Kütüphane Sorumlusu ile iletişime geçiniz. | ||
| 942 |
_2ddc _cVIS |
||
| 999 | _d10531 | ||